Responses for Show #3256 - Monday, November 2, 1998

Contestants

[<< previous game]

Sinan Turnacioglu, a medical student from East Brunswick, New Jersey

Sharon Doodian, a lawyer from Albany, New York

Katie Clark, a choir accompanist from Gastonia, North Carolina (whose 1-day cash winnings total $7,600)

[next game >>]

Jeopardy! Round responses

THE BICENTENNIAL
CRIME & PUNISHMENT
AUTHORS' HOME STATES
BEGINS & ENDS WITH "M"
WOMEN'S LIBERATION
KISS YOUR LASS GOODBYE
    $100 4
Liberty Bell

Sinan
    $100 2
Debt

Sinan
    $100 15
Maine

Sinan
    $100 1
Millennium

Sinan
    $100 20
Police officer

Katie
    $100 25
Dr. Zhivago

Sharon
    $200 5
Queen Elizabeth II

Triple Stumper
    $200 3
Siberia

Sinan
    $200 16
New Hampshire

Sharon
    $200 7
Medium

Sinan
    $200 21
Vote

Katie
    $200 26
(Sharon: Who is Sam?)

Rick Blaine

Sharon
Triple Stumper
    $300 6
(Sinan: What is the Smithsonian?)

National Archives

KatieSinan
    $300 10
Wet noodle

Sinan
    $300 17
Texas

Katie
    $300 12
Madam

Katie
    $300 22
Betty Friedan

Sharon
    $300 27
Hugh Grant

Katie
    $400 8
Air And Space Museum

Sinan
    $400 11
Chain gangs

Katie
    $400 18
New York

Sinan
    $600 13
Mammogram

Katie
    $400 23
Barbie

Sharon
    $400 28
"From Here To Eternity"

Sinan
    $500 9
Valley Forge

Sharon
    $500 29
Cruel & unusual

Sharon
    $500 19
Louisiana

Katie
    $500 14
Maelstrom

Sharon
    $500 24
Ms.

Sharon
    $500 30
Marilyn Monroe

Sharon

Scores at the first commercial break (after clue 13):

Katie Sharon Sinan
$1,600 $500 $1,100

Scores at the end of the Jeopardy! Round:

Katie Sharon Sinan
$3,000 $3,300 $2,000

Double Jeopardy! Round responses

A CONSTANTINE REMINDER
RING A BELL?
20th CENTURY ART
ACTRESS TURNED WAITRESS
CORPORATE HISTORIES
FROM ANOTHER LANGUAGE
    $200 1
Coup

Katie
    $200 2
"It's A Wonderful Life"

Sharon
    $200 16
Sculpture

Sharon
    $200 11
"Five Easy Pieces"

Katie
    $200 21
Postcards

Katie
    $200 26
Kosher

Sinan
    $400 5
Russia

Sinan
    $400 3
"Saved By The Bell"

Sinan
    $400 17
Amsterdam

Sinan
    $400 12
"Cocktail"

Sinan
    $400 22
Jordan W. Lambert

Triple Stumper
    $400 27
Karate

Sharon
    $600 6
Germany

Triple Stumper
    $600 4
Chuck Yeager

Sinan
    $600 18
Black & white

Sinan
    $600 13
Mystic

Sinan
    $600 23
(Alex: And we have about a minute to go.)

Chevron

Sharon
    $800 7
Byzantine Empire

Sinan
    $800 9
Archie Bell

Katie
    $1,000 19
(Sinan: Who is Pope?)

Francis Bacon

Sinan
    $1,000 14
(Sinan: Who is Helen Hunt?)

Ellyn Burstyn ("Alice Doesn't Live Here Anymore")

Sinan
    $800 24
Reader's Digest

Katie
    $1000 8
A piece of the True Cross

Triple Stumper
    $1000 10
"A Bell For Adano"

Katie
    $1000 20
Gustav Klimt ("The Kiss")

Triple Stumper
    $1000 15
Sandra Bullock

Triple Stumper
    $1000 25
(Sharon: What is the Chicago Sun-Times?)

The Tribune Company

Sharon
Triple Stumper
    $1000 28
(buzzer sounds)

Mestizo

Triple Stumper

Scores at the end of the Double Jeopardy! Round:

Katie Sharon Sinan
$6,200 $3,700 $4,400

[wagering suggestions for these scores]

Final Jeopardy! Round responses

BIBLICAL TIMES
(Alex: Katie, seems like you and Sharon were thinking along the lines of the Queen of Sheba...)
SharonWho was Sheba?
$3,600
SinanWho was Bathsheba?
$4,000
KatieWho was Sheba?
$2,601
Bathsheba (wife of David)

Final scores:

Katie Sharon Sinan
$3,599 $100 $8,400
2nd place: Trip to Harvey's Resort & Casino, Lake Tahoe 3rd place: Rand McNally Gift Certificate New champion: $8,400

Game dynamics:

Coryat scores:

Katie Sharon Sinan
$6,000 $3,700 $6,400
15 R
(including 1 DD),
0 W
13 R,
2 W
19 R,
3 W
(including 2 DDs)

Combined Coryat: $16,100

[game clues] [game scores] [suggest correction]

Game tape date: 1998-09-03
The J! Archive is created by fans, for fans. Scraping, republication, monetization, and malicious use prohibited; this site may use cookies and collect identifying information. See terms. The Jeopardy! game show and all elements thereof, including but not limited to copyright and trademark thereto, are the property of Jeopardy Productions, Inc. and are protected under law. This website is not affiliated with, sponsored by, or operated by Jeopardy Productions, Inc. Join the discussion at JBoard.tv.